| 000 | 00776nam a2200205 i 4500 | ||
|---|---|---|---|
| 001 | 181868 | ||
| 003 | ES-MaACL | ||
| 005 | 20231021145038.0 | ||
| 008 | 130503s2011 sp | |||||||| | spa d | ||
| 020 | _a978-84-615-1962-0 | ||
| 080 | _a226.3.07 | ||
| 100 | 1 |
_aManrique Campillo, Andrés. _9152673 |
|
| 245 | 1 | 0 |
_aA vino nuevo, odres nuevos : _bcomentarios actualizados de relatos evangélicos / _cAndrés Manrique Campillo. |
| 260 |
_a[Congosto de Valdavia, Palencia] : _bA. Campillo, _c2011 ( _e[Palencia] : _fV. Merino) |
||
| 300 |
_aXXXVI, 289 p. ; _c22 cm. |
||
| 630 | 0 | 4 |
_aBiblia. _pN.T. _pEvangelio según Marcos- _vComentarios. _9139831 |
| 852 |
_aES-MaACL _jA-12685 _9188776 _bR.148762 _cDEPO1 _dOlim: N-5686 |
||
| 942 |
_2udc _cMONOGRAFIA |
||
| 999 |
_c181868 _d181868 |
||